| 000 | 01073nam a2200241Ii 4500 | ||
|---|---|---|---|
| 003 | JO-AjNU | ||
| 008 | 230605s9999||||xx |||||||||||||| ||und|| | ||
| 017 | _a2012/11/4111 | ||
| 020 | _a978-9957-417-39-0 | ||
| 040 |
_aJO-AjNU _bara _erda _cJO-AjNU |
||
| 041 | _aara | ||
| 050 | 1 | 4 | _aHQ799 2012 |
| 100 | 3 |
_aمنتدى الفكر العربي, _eauthor _950215 |
|
| 245 | 0 | 0 | _aالشباب وظاهرة العنف |
| 250 | _aط1 | ||
| 264 | 3 | 1 | _aعمان: منتدى الفكر العربي، 2012 |
| 300 |
_a229ص _bاعد هذا الكتاب استنادا الى وقائع المؤتمر الشبابي الرابع الذي عقده المنتدى في الاسكندرية في الفترة 13-15/12/2010، يحتوي على ملاحق من ص 193- 229ص |
||
| 336 |
_atext _btxt _2rdacontent |
||
| 337 |
_aunmediated _bn _2rdamedia |
||
| 338 |
_avolume _bnc _2rdacarrier |
||
| 490 | 0 | _aسلسلة الحوارات العربية المشروع الحضاري العربي؛3 | |
| 650 | 4 |
_aالمشاكل الاجتماعية - الشباب - العنف _950216 |
|
| 999 |
_aA22106 _c25674 _d25674 |
||